书目信息 |
| 题名: |
我向总理说实话
|
|
| 作者: | 李昌平 著 | |
| 分册: | ||
| 出版信息: | 西安 陕西人民出版社 2009.03 |
|
| 页数: | 338页 | |
| 开本: | 24cm | |
| 丛书名: | ||
| 单 册: | ||
| 中图分类: | I253.3 | |
| 科图分类: | ||
| 主题词: | 报告文学--bao gao wen xue--中国--现代 , 农业经济--nong ye jing ji--调查--中国 | |
| 电子资源: | ||
| ISBN: | 978-7-224-08819-9 | |
| 000 | 00913nam0 2200241 450 | |
| 001 | 012009682936 | |
| 005 | 20090917115311.59 | |
| 010 | @a978-7-224-08819-9@dCNY35.00 | |
| 100 | @a20090917d2009 em y0chiy0120 ea | |
| 101 | 0 | @achi |
| 102 | @aCN@b610000 | |
| 105 | @ac z 000zy | |
| 106 | @ar | |
| 200 | 1 | @a我向总理说实话@Awo xiang zong li shuo shi hua@f李昌平著@Fli chang ping zhu |
| 210 | @a西安@c陕西人民出版社@d2009.03 | |
| 215 | @a338页@c肖像@d24cm | |
| 330 | @a本书作者怀着一个共产党员的忠诚和对农民的深切同情、对中国农村经济的深切忧虑,以《一个乡党委书记的心里话》为题,用扎实的数据、详尽的材料,向朱镕基总理反映“农民真苦,农村真穷,农业真危险”的基层情况。 | |
| 606 | 0 | @a报告文学@Abao gao wen xue@y中国@z现代 |
| 606 | 0 | @a农业经济@Anong ye jing ji@x调查@y中国 |
| 690 | @aI253.3@v4 | |
| 701 | 0 | @a李昌平@Ali chang ping@4著 |
| 801 | 0 | @aCN@bQSSK@c20090917 |
| 905 | @b753674-76@dI253.3@eL134@f3 | |
| 我向总理说实话/李昌平著.-西安:陕西人民出版社,2009.03 |
| 338页:肖像;24cm |
| ISBN 978-7-224-08819-9:CNY35.00 |
| 本书作者怀着一个共产党员的忠诚和对农民的深切同情、对中国农村经济的深切忧虑,以《一个乡党委书记的心里话》为题,用扎实的数据、详尽的材料,向朱镕基总理反映“农民真苦,农村真穷,农业真危险”的基层情况。 |
| ● |
| 相关链接 |
|
|
|
正题名:我向总理说实话
索取号:I253.3/L134
 
预约/预借
| 序号 | 登录号 | 条形码 | 馆藏地/架位号 | 状态 | 备注 |
| 1 | 753674 | 207536745 | 文学库108/108文学库 68排3列1层/ [索取号:I253.3/L134] | 在馆 | |
| 2 | 753675 | 207536754 | 文学库108/108文学库 68排3列1层/ [索取号:I253.3/L134] | 在馆 | |
| 3 | 753676 | 207536763 | 文学库108/108文学库 68排3列1层/ [索取号:I253.3/L134] | 在馆 |